书目信息 |
| 题名: |
印度史话
|
|
| 作者: | 尚劝余 著 | |
| 分册: | ||
| 出版信息: | 北京 中国书籍出版社 2019.07 |
|
| 页数: | 324页 | |
| 开本: | 24cm | |
| 丛书名: | ||
| 单 册: | ||
| 中图分类: | K351.0 | |
| 科图分类: | ||
| 主题词: | ||
| 电子资源: | ||
| ISBN: | 978-7-5068-7369-7 | |
| 000 | 00954nam0 2200265 450 | |
| 001 | CAL 0120192861899 | |
| 005 | 20230217093111.0 | |
| 010 | @a978-7-5068-7369-7@dCNY58.00 | |
| 100 | @a20191009d2019 em y0chiy0120 ea | |
| 101 | 0 | @achi |
| 102 | @aCN@b110000 | |
| 105 | @aab a 000yy | |
| 106 | @ar | |
| 200 | 1 | @a印度史话@Ayin du shi hua@e印度为什么这么特别@f尚劝余著 |
| 210 | @a北京@c中国书籍出版社@d2019.07 | |
| 215 | @a324页@c图, 地图@d24cm | |
| 314 | @a尚劝余, 华南师范大学外国语言文化学院教授, 拉脱维亚大学孔子学院中方院长, 中国南亚学会理事等职。 | |
| 320 | @a有书目 (第300-302页) | |
| 330 | @a本书从历史地理、政治经济、文教科技、宗教信仰、民族语言、衣食住行、人文习俗7个方面, 全方位展示了真实的印度。 | |
| 517 | 1 | @a印度为什么这么特别@Ayin du wei shen me zhe me te bie |
| 607 | @a印度@Ayin du@x历史 | |
| 690 | @aK351.0@v5 | |
| 701 | 0 | @a尚劝余@Ashang quan yu@4著 |
| 801 | 0 | @aCN@bBJXHZP@c20230222 |
| 905 | @b1393084-7@dK351.0@e29@f4 | |
| 印度史话:印度为什么这么特别/尚劝余著.-北京:中国书籍出版社,2019.07 |
| 324页:图, 地图;24cm |
| ISBN 978-7-5068-7369-7:CNY58.00 |
| 本书从历史地理、政治经济、文教科技、宗教信仰、民族语言、衣食住行、人文习俗7个方面, 全方位展示了真实的印度。 |
| ● |
| 相关链接 |
|
|
|
|
正题名:印度史话
索取号:K351.0/29
 
预约/预借
| 序号 | 登录号 | 条形码 | 馆藏地/架位号 | 状态 | 备注 |
| 1 | 1393084 | 213930843 | 第二样本阅览室/ [索取号:K351.0/29] | 在馆 | |
| 2 | 1393085 | 213930852 | 第二借阅区/ [索取号:K351.0/29] | 在馆 | |
| 3 | 1393086 | 213930861 | 第二借阅区/ [索取号:K351.0/29] | 在馆 | |
| 4 | 1393087 | 213930870 | 第二借阅区/ [索取号:K351.0/29] | 在馆 |